Socio- economic dimensions of participatory trials on low frequency tapping (LFT) in kerala (Record no. 49703)

MARC details
000 -LEADER
fixed length control field 00563nam a2200193Ia 4500
100 ## - MAIN ENTRY--AUTHOR NAME
Personal name Chandy B
245 #0 - TITLE STATEMENT
Title Socio- economic dimensions of participatory trials on low frequency tapping (LFT) in kerala
260 ## - PUBLICATION, DISTRIBUTION, ETC. (IMPRINT)
Name of publisher Rubber Science
Year of publication 2013
300 ## - PHYSICAL DESCRIPTION
Number of Pages 55-59
650 ## - SUBJECT ADDED ENTRY--TOPICAL TERM
Topical Term Demonstration plots, Family Labour
650 ## - SUBJECT ADDED ENTRY--TOPICAL TERM
Topical Term Low frequency tapping(LFT)
650 ## - SUBJECT ADDED ENTRY--TOPICAL TERM
Topical Term Socio-economic evaluation
650 ## - SUBJECT ADDED ENTRY--TOPICAL TERM
Topical Term Stimulation
700 ## - ADDED ENTRY--PERSONAL NAME
Personal name Siju T
700 ## - ADDED ENTRY--PERSONAL NAME
Personal name Thomas KU
700 ## - ADDED ENTRY--PERSONAL NAME
Personal name Veeraputhran S
942 ## - ADDED ENTRY ELEMENTS (KOHA)
Koha item type Bibliography STAF
Holdings
Withdrawn status Lost status Damaged status Not for loan Home library Current library Shelving location Date acquired Serial Enumeration / chronology Koha item type
      Bibliography RRII Library RRII Library Economics 25/07/2013 Volume 26, Issue 1 Bibliography STAF